Dancetime : 500 Years of Social Dance : 15th-19th Centuries /
A través de ejemplos de cada época, en esta serie de dos videocasetes se recorre la historia del baile de salón en el mundo occidental, desde el Renacimiento hasta la época victoriana (v. 1) y en los salones de baile, discotecas y calles de Estados Unidos durante el siglo XX (v. 2).
Zapisane w:
| Kolejni autorzy: | , , , , , , , |
|---|---|
| Format: | |
| Język: | angielski |
| Wydane: |
Kentfield, EUA :
Tri Valley Video : Dance Through Time,
1998, c1998
|
| Hasła przedmiotowe: | |
| Etykiety: |
Nie ma etykietki, Dołącz pierwszą etykiete!
|
MARC
| LEADER | 00000ngm^a2200000^a^4500 | ||
|---|---|---|---|
| 001 | 000110829 | ||
| 005 | 20250521000000.0 | ||
| 009 | 20260310093811.749 | ||
| 020 | |a 0-9662074-0-8 | ||
| 037 | |a Acervo ITESO - Biblioteca | ||
| 041 | |a ING | ||
| 082 | |a 786. |b DAN V. 1 | ||
| 240 | 1 | 1 | |a [Dancetime: 500 Years of Social Dance] |
| 245 | 0 | 0 | |a Dancetime : |b 500 Years of Social Dance : 15th-19th Centuries / |
| 264 | 4 | |a Kentfield, EUA : |b Tri Valley Video : |b Dance Through Time, |c 1998, c1998 | |
| 300 | |a 1 videocasete VHS |c (48 min.) | ||
| 336 | |a imagen móvil bidimensional |b tdi |2 rdacontenido | ||
| 337 | |a video |b v |2 rdamedio | ||
| 338 | |a videocasete |b vf |2 rdasoporte | ||
| 520 | |a A través de ejemplos de cada época, en esta serie de dos videocasetes se recorre la historia del baile de salón en el mundo occidental, desde el Renacimiento hasta la época victoriana (v. 1) y en los salones de baile, discotecas y calles de Estados Unidos durante el siglo XX (v. 2). | ||
| 649 | |a XX | ||
| 650 | |a Baile de Salón - |x Tema Principal | ||
| 650 | |a Baile de Salón - |x Historia y Crítica | ||
| 650 | |a Danza - |x Historia y Crítica | ||
| 650 | |a Música Popular - |x Historia y Crítica | ||
| 650 | |a Prácticas Culturales | ||
| 650 | |a Artes Escénicas | ||
| 700 | |a Bobrow, Morris |e (guión) | ||
| 700 | |a Ryan, Jodi |e (fotógrafo) | ||
| 700 | |a Williams, Mark |e (fotógrafo) | ||
| 700 | |a Borrough, James |e (fotógrafo) | ||
| 700 | |a Téten, Carol |e (dirección artística) | ||
| 700 | |a Brosnahan, Jim |e (ejecución dancística) | ||
| 700 | |a Carvajal, Carolyn |e (ejecución dancística) | ||
| 700 | |a Ewing, Lawrence |e (ejecución dancística) | ||
| 910 | |a Fondo General | ||
| 920 | |a Audiovisuales - Videocasetes | ||
| 940 | |a DVDs y Videos de Danza | ||
| 905 | |a 301 | ||
| 901 | |a 0500041271 |b IT2 |c VIS |u 20250521 | ||
| 902 | |a https://opac.biblio.iteso.mx/vufind/Record/000110829 | ||